| 000 | 00531nam a22001577a 4500 | ||
|---|---|---|---|
| 020 | _a9780470996171 | ||
| 082 | _a621.381 | ||
| 100 | _aLiu Duixian | ||
| 245 | _a Advanced millimeter-wave technologies : antennas, packaging and circuits | ||
| 260 |
_a[Hoboken, NJ _bJohn Wiley _c2009 |
||
| 300 |
_axxii, 827 p. _bill. ; _e 26 cm. |
||
| 500 | _aIncludes bibliographical references and index. | ||
| 650 | _a1. Millimeter wave devices. 2. Millimeter waves. | ||
| 700 | _aGaucher Brian, Pfciffer Ullrich, Grzyb Janusz | ||
| 942 | _cBK | ||
| 999 |
_c12050 _d12050 |
||